00568nam a2200181 i 4500001000400000100003300004245005300037260004600090300002100136650002800157650002200185651001200207655001200219040000800231041000800239008004100247856009800288bgj1 aDRABBLE, Margaretd(1939- ).10aThe Millstone :ba novel /cby Margaret Drabble. aLondon :bWeidenfeld and Nicolson,c1969. a199 pp ;c21 cm. 9aMan-woman relationships 9aUnmarried mothers 9aEngland aFiction cBPK0 aeng s uk f |000 0 eng  uhttp://koha.tu.koszalin.pl/cgi-bin/koha/opac-detail.pl?biblionumber=48915yKatalog online BPK